MARC

LEADER 00000nmm0a2200000 4500
001 84326
005 20231031100536.0
010 |a 0195154517 
035 |a (RuTPU)RU\TPU\book\90647 
090 |a 84326 
100 |a 20051027d2005 k y0engy50 ba 
101 0 |a eng 
102 |a US 
105 |a a z 000zy 
200 1 |a Introduction fluid mechanics  |f E. J. Shaughnessy, I. M. Katz, J. P. Schaffer 
210 |a New York  |a Oxford  |c Oxford University Press  |d 2005 
215 |a 1018 p.  |c ил.  |e CD-ROM 
610 1 |a физика 
610 1 |a механика 
610 1 |a газы 
610 1 |a жидкости 
610 1 |a аэрогидромеханика 
610 1 |a гидромеханика 
610 1 |a газодинамика 
610 1 |a свойства 
610 1 |a движения 
610 1 |a течения 
610 1 |a устойчивость 
610 1 |a CD-ROM 
675 |a 532  |v 3 
675 |a 533  |v 3 
700 1 |a Shaughnessy  |b E. J.  |g Edward 
701 1 |a Katz  |b I. M.  |g Ira 
701 1 |a Schaffer  |b J. P.  |g James 
801 1 |a RU  |b 63413507  |c 20051027  |g PSBO 
801 2 |a RU  |b 63413507  |c 20070919  |g PSBO 
942 |c MX